Представление документа в формате RUSMARC

ПолеНазваниеЗначение
  Тип записи a
  Библиографический уровень a
001 Контрольный номер 1c93df3acf384ad1a47cd857e218e231
005 Дата корректировки 20260413152006.5
100 Данные общей обработки __
a Данные общей обработки 20260413 ||| 0rusy0189 ca
101 Язык документа 0_
a Язык текста rus
102 Страна публикации __
a Страна публикации RU
200 Заглавие и сведения об ответственности 1_
a Заглавие Чудо для красавицы
e Сведения, относящиеся к заглавию [в блокадном Ленинграде сотрудникам зоопарка удалось спасти немалую часть животных, в том числе бегемотиху по имени Красавица; о съёмках фильма "Красавица"]
461 Уровень набора _0
1 2000
a Тошка и компания
463 Уровень физической единицы _0
1 2000
a № 2
v С. 26-29 : фот.
1 2101
d 2026
1 00199bf9cf24c06493f8aea2566489179c0
606 Тематические рубрики 0_
a Основная рубрика Животные, содержащиеся в цирках и зоопарках
y Географическая подрубрика Ленинград, город
606 Тематические рубрики 0_
a Основная рубрика Киноискусство России. Жизнь и деятельность артистов и режиссёров
610 Ключевые слова 0_
a Ключевые слова зоопарки, Ленинградский зоопарк, блокада Ленинграда, эвакуация животных, животные зоопарков, бегемоты, Красавица (фильм), съёмки фильма, российское кино
686 Индексы других классификаций __
a Классификационный индекс 46.76
686 Индексы других классификаций __
a Классификационный индекс 85.373(2)
801 Источник записи _0
a Страна RU
b Организация УОБДЮ
c Дата составления 20260413
g Правила каталогизации RCR
801 Источник записи _1
a Страна RU
b Организация УОБДЮ
c Дата составления 202604103
g Правила каталогизации RCR
901 Тип документа __
t Тип документа b
w Контрольный № источника 99bf9cf24c06493f8aea2566489179c0
905 Данные по созданию БЗ __
b Логин пользователя, который создал БЗ ibo3